Joueurs français ayant joué au Milan AC - Statistiques

Statistiques générales
  • Ce quiz a été pris 76 fois
  • Le résultat moyen est 12 sur 27
Statistiques - réponses
Année d'arrivée Année de départ Club précédant Club suivant Nombre de match Joueurs % Correct
2025 En cours Olympique de Marseille En cours 24 Adrien Rabiot
88%
2021 2024 Chelsea FC Los Angeles FC 132 Olivier Giroud
88%
2021 En cours LOSC Lille En cours 196 Mike Maignan
84%
2019 2025 Real Madrid Al-Hilal SFC 262 Theo Hernández
75%
2025 En cours Chelsea FC En cours 27 Christopher Nkunku
74%
2024 En cours AS Monaco En cours 80 Youssouf Fofana
68%
1992 1994 Olympique de Marseille Bayern Munich 63 Jean-Pierre Papin
61%
2020 2025 Olympique Lyonnais B Juventus Turin 112 Pierre Kalulu
58%
1993 1998 Olympique de Marseille Chelsea FC 186 Marcel Desailly
57%
2006 2009 Stade Rennais FC FC Girondins de Bordeaux 54 Yoann Gourcuff
57%
1995 1996 AS Cannes Arsenal FC 5 Patrick Vieira
54%
2011 2016 AS Roma Fin de carrière 114 Philippe Mexès
48%
2007 2008 Djurgårdens IF Fin de carrière 0 Ibrahim Bá
43%
1997 2003 FC Girondins de Bordeaux Fin de carrière 77 Ibrahim Bá
43%
1996 1997 FC Girondins de Bordeaux FC Barcelone 26 Christophe Dugarry
41%
2014 2015 FC Valencia Séville FC 44 Adil Rami
38%
2014 2016 Paris Saint-Germain FC Girondins de Bordeaux 46 Jérémy Ménez
38%
2021 2025 FC Girondins de Bordeaux Al-Shabab FC 39 Yacine Adli
36%
2021 2023 Chelsea FC Chealsea FC 21 Tiémoué Bakayoko
32%
2018 2019 Chelsea FC Chelsea FC 42 Tiémoué Bakayoko
32%
2008 2013 Arsenal FC Arsenal FC 122 Mathieu Flamini
29%
2004 2005 Olympique Lyonnais Paris Saint-Germain 20 Vikash Dhorasoo
17%
2025 2025 AC Monza En cours 5 Warren Bondo
7%
1998 2000 Paris Saint-Germain Venezia FC 42 Bruno N'Gotty
6%
2021 2021 Torino FC Torino FC 21 Soualiho Meïté
6%
2019 2022 AS Monaco U19 RFC Seraing 0 Leroy Abanda
4%
1969 1971 Torino FC FC Metz 70 Nestor Combin
4%
Aucun quiz correspondant
Distribution des résultats
% des personnes avec chaque résultat
Percentile par nombre de réponses
Votre historique - résultats
Vous n’avez pas pris ce quiz